<?xml version='1.0' encoding='UTF-8'?>
  <record xmlns="http://www.loc.gov/MARC21/slim">
    <leader>00000cam a2200000 i 4500</leader>
    <controlfield tag="001">on1005207607</controlfield>
    <controlfield tag="003">OCoLC</controlfield>
    <controlfield tag="005">20240127100239.6</controlfield>
    <controlfield tag="008">171004s2016    ne a          000 0 dut d</controlfield>
    <datafield tag="040" ind1=" " ind2=" ">
      <subfield code="a">QGJ</subfield>
      <subfield code="b">dut</subfield>
      <subfield code="c">QGJ</subfield>
      <subfield code="d">OCLCF</subfield>
      <subfield code="d">QGJ</subfield>
      <subfield code="d">OCLCA</subfield>
      <subfield code="d">OCLCQ</subfield>
      <subfield code="d">OCLCO</subfield>
      <subfield code="d">QGJ</subfield>
      <subfield code="d">OCLCL</subfield>
    </datafield>
    <datafield tag="035" ind1=" " ind2=" ">
      <subfield code="a">(OCoLC)1005207607</subfield>
    </datafield>
    <datafield tag="100" ind1="1" ind2=" ">
      <subfield code="a">Beek, Pieta van,</subfield>
      <subfield code="c">classica en neerlandica,</subfield>
      <subfield code="d">1958-</subfield>
      <subfield code="4">aut</subfield>
      <subfield code="1">https://id.oclc.org/worldcat/entity/E39PCjC43vkYqwkJf9hXGMKbFq</subfield>
    </datafield>
    <datafield tag="245" ind1="1" ind2="5">
      <subfield code="a">'Het Wereldwonder van Utrechts Academie' :</subfield>
      <subfield code="b">Naam &amp; Faam van Anna Maria van Schurman (1636-2016): Hoogtepunten uit 380 jaar Anna Maria van Schurman, de eerste vrouwelijke student aan de Universiteit van Utrecht, ter gelegenheid van het 76ste lustrum /</subfield>
      <subfield code="c">door dr. Pieta van Beek.</subfield>
    </datafield>
    <datafield tag="260" ind1=" " ind2=" ">
      <subfield code="a">Ridderkerk :</subfield>
      <subfield code="b">Provily Pers,</subfield>
      <subfield code="c">[2016]</subfield>
    </datafield>
    <datafield tag="264" ind1=" " ind2="4">
      <subfield code="c">©2016</subfield>
    </datafield>
    <datafield tag="300" ind1=" " ind2=" ">
      <subfield code="a">1 boekrol :</subfield>
      <subfield code="b">illustraties ;</subfield>
      <subfield code="c">6 m x 8 x 37 cm</subfield>
    </datafield>
    <datafield tag="336" ind1=" " ind2=" ">
      <subfield code="a">niet-bewegend beeld</subfield>
      <subfield code="b">sti</subfield>
      <subfield code="2">rdacontent/dut</subfield>
    </datafield>
    <datafield tag="336" ind1=" " ind2=" ">
      <subfield code="a">tekst</subfield>
      <subfield code="b">txt</subfield>
      <subfield code="2">rdacontent/dut</subfield>
    </datafield>
    <datafield tag="337" ind1=" " ind2=" ">
      <subfield code="a">zonder medium</subfield>
      <subfield code="b">n</subfield>
      <subfield code="2">rdamedia/dut</subfield>
    </datafield>
    <datafield tag="338" ind1=" " ind2=" ">
      <subfield code="a">rol</subfield>
      <subfield code="b">na</subfield>
      <subfield code="2">rdacarrier/dut</subfield>
    </datafield>
    <datafield tag="490" ind1="1" ind2=" ">
      <subfield code="a">Schurmanniana-reeks ;</subfield>
      <subfield code="v">nr. 6</subfield>
    </datafield>
    <datafield tag="500" ind1=" " ind2=" ">
      <subfield code="a">Uitgegeven t.g.v. het 380-jarig bestaan van de Universiteit Utrecht. In het kader van het 76ste lustrum van de UU staan op de boekrol zesenzeventig korte beschrijvingen van objecten.</subfield>
    </datafield>
    <datafield tag="500" ind1=" " ind2=" ">
      <subfield code="a">"Het bijbehorende boek geeft tekst en uitleg over de objecten op deze boekrol. Samen vormen ze de zesde uitgave in de Schurmannia-reeks."</subfield>
    </datafield>
    <datafield tag="600" ind1="1" ind2="0">
      <subfield code="a">Schurman, Anna Maria van,</subfield>
      <subfield code="d">1607-1678.</subfield>
    </datafield>
    <datafield tag="600" ind1="1" ind2="7">
      <subfield code="a">Schurman, Anna Maria van,</subfield>
      <subfield code="d">1607-1678.</subfield>
      <subfield code="2">fast</subfield>
      <subfield code="0">(OCoLC)fst00026721</subfield>
      <subfield code="1">https://id.oclc.org/worldcat/entity/E39PBJghrBjJcGWhr7hwrFQpfq</subfield>
    </datafield>
    <datafield tag="758" ind1=" " ind2=" ">
      <subfield code="a">'Het Wereldwonder van Utrechts Academie' (Text)</subfield>
      <subfield code="1">https://id.oclc.org/worldcat/entity/E39PCGk34XXHGkfdYdfGB3twcq</subfield>
      <subfield code="4">https://id.oclc.org/worldcat/ontology/hasWork</subfield>
    </datafield>
    <datafield tag="830" ind1=" " ind2="0">
      <subfield code="a">Schurmanniana-reeks ;</subfield>
      <subfield code="v">nr. 6.</subfield>
      <subfield code="w">(NL-LeOCL)371672791</subfield>
    </datafield>
  </record>